IIt's all about smiles / (Record no. 146507)

MARC details
000 -LEADER
fixed length control field 00550nam a22001817a 4500
005 - DATE AND TIME OF LATEST TRANSACTION
control field 20171101151527.0
010 ## - LCCN (DPL NO)
LC control number ENG-120842
020 ## - INTERNATIONAL STANDARD BOOK NUMBER
International Standard Book Number 9788180460784
Terms of availability 195.00
035 ## - SYSTEM CONTROL NUMBER
System control number EN-104374
037 ## - SOURCE OF ACQUISITION
Source of stock number/acquisition DBAD/PUB
082 ## - DEWEY DECIMAL CLASSIFICATION NUMBER
Classification number 617.6092
100 ## - MAIN ENTRY--PERSONAL NAME
Personal name Arunmugam,Ranjani Iyer
245 ## - TITLE STATEMENT
Title IIt's all about smiles /
Statement of responsibility, etc by Ranjani Iyer Arunmugam
260 ## - PUBLICATION, DISTRIBUTION, ETC. (IMPRINT)
Place of publication, distribution, etc New Delhi
Name of publisher, distributor, etc Alchemy Publishers
Date of publication, distribution, etc 2013
270 ## - ADDRESS
Address 4767/23,Pratap Street,Daryaganj
City New Delhi
Postal code 110002
300 ## - PHYSICAL DESCRIPTION
Extent 241p.
Dimensions 20(pbk)
Other physical details ill
942 ## - ADDED ENTRY ELEMENTS (KOHA)
Source of classification or shelving scheme Dewey Decimal Classification
Item type English Books
Classification part 617.6092
Call number suffix ARU
Holdings
Withdrawn status Lost status Not for loan Collection code Home library Current library Date acquired Source of acquisition Cost, normal purchase price Full call number Barcode Copy number Cost, replacement price Koha item type
    Not For Loan Non-fiction D.B.Act.Division Bawana 16/10/2017 DBAD/PUB 195.00 617.6092 ARU EN-104374 1 195.00 English Books

© Delhi Public Library
Hit Counter
free hit counter